000 01224nam a2200349 c 4500
999 _c29690
_d29690
003 BLK
005 20250417132855.0
008 180407b bul|||||r ||||||| ||bul||
010 _aKNG00032311000
040 _aBLK
041 _aBUL
_cBUL
080 _aАмериканска литература (на САЩ)
_b821.111(73)
_x-312.4
_z821.111(73)-312.4
100 1 _aКонъли, Майкъл
_eпърви автор
_9251061
139 _aКонъли, Майкъл
_bК 84
245 1 0 _aКръв
_bРоман
_cМайкъл Конъли; прев. от англ. Крум Ернстов Бъчваров.
257 _aUSA
260 _bБард
_c1998
300 _a334 с.
_c21 см
380 _aX
490 1 _aКралете на трилъра
_v42
500 _aОриг. загл. Blood Word / Michael Connelly.
653 _aкрими
653 _aромани
700 1 _aБъчваров, Крум Ернстов
_eпрев. от англ.
_9365175
852 _aЦб 195947
856 4 _qpdf
856 4 _qpdf
942 _cKNG
_n0
_057
944 _aCR
_c15.01.2003
_lЦветомила Тодорова
_k30576
944 _aED
_c11.11.2016
_lф /
_kЛюдмила_Стоянова
999 _d29690